[Event "Karl Mala Memorial op 10th"]
[Site "Griesheim"]
[Date "2006.07.23"]
[Round "7"]
[White "Berwanger, Florian"]
[Black "Michels, Marius"]
[Result "1/2-1/2"]
[WhiteElo "1320"]
[BlackElo "1584"]
[PlyCount "28"]
[EventDate "2006.07.20"]
[EventType "swiss"]
[EventRounds "7"]
[EventCountry "GER"]
[SourceTitle "CBM 113 Extra"]
[Source "ChessBase"]
[SourceDate "2006.09.14"]
[SourceVersion "1"]
[SourceVersionDate "2006.09.14"]
[SourceQuality "1"]

1. b4 d5 2. Bb2 e6 3. Nf3 Nf6 4. a3 c5 5. bxc5 Bxc5 6. e3 0-0 7. Bxf6 Qxf6 8. d4 Nc6 9. Nbd2 Bd6 10. c4 dxc4 11. Bxc4 Qe7 12. a4 Bd7 13. 0-0 Rac8 14. Ne4 Bc7 1/2-1/2

[Event "Karl Mala Memorial op 10th"]
[Site "Griesheim"]
[Date "2006.07.21"]
[Round "3"]
[White "Berwanger, Florian"]
[Black "Zimpfer, Andreas"]
[Result "0-1"]
[WhiteElo "1320"]
[BlackElo "1655"]
[PlyCount "66"]
[EventDate "2006.07.20"]
[EventType "swiss"]
[EventRounds "7"]
[EventCountry "GER"]
[SourceTitle "CBM 113 Extra"]
[Source "ChessBase"]
[SourceDate "2006.09.14"]
[SourceVersion "1"]
[SourceVersionDate "2006.09.14"]
[SourceQuality "1"]

1. b4 d5 2. Bb2 Nf6 3. Nf3 e6 4. a3 c5 5. bxc5 Bxc5 6. d4 Bb6 7. e3 0-0 8. Be2 Nc6 9. 0-0 Bd7 10. c4 dxc4 11. Bxc4 Na5 12. Bd3 Rc8 13. Nbd2 Qe8 14. Ne5 Ba4 15. Qf3 Nd5 16. Ndc4 Nxc4 17. Nxc4 Bc7 18. Qh3 f5 19. Qh4 Rf6 20. f4 b5 21. Nd2 Nxe3 22. Rf3 Rh6 23. Qe1 Ng4 24. h3 Nf6 25. Qe3 Nd5 26. Qf2 b4 27. axb4 Nxb4 28. Be2 Rg6 29. Rg3 Rxg3 30. Qxg3 Nd5 31. Rf1 Bb8 32. Bc4 Qd7 33. Nb3 Rxc4 0-1